[Event "Verona op-B"]
[Site "Verona"]
[Date "2017.01.05"]
[Round "5.23"]
[White "Terziotti, Enzo"]
[Black "Scarabello, Graziano"]
[Result "0-1"]
[WhiteElo "1602"]
[BlackElo "1638"]
[PlyCount "100"]
[EventDate "2017.01.02"]
[EventType "swiss"]
[EventRounds "7"]
[EventCountry "ITA"]
[SourceTitle "EXT 2018"]
[Source "ChessBase"]
[SourceDate "2017.10.13"]
[SourceVersion "1"]
[SourceVersionDate "2017.10.13"]
[SourceQuality "1"]

1. e4 d6 2. Nf3 Nf6 3. d3 g6 4. h3 Bg7 5. Nc3 0-0 6. Be3 c5 7. d4 cxd4 8. Bxd4 e5 9. Be3 a6 10. Qd2 Re8 11. 0-0-0 Bf8 12. Bg5 Nc6 13. Bh6 Be7 14. Bg5 Be6 15. Bxf6 Bxf6 16. Qxd6 Qxd6 17. Rxd6 Be7 18. Rd1 Kg7 19. Nd5 Bd6 20. Be2 Nb4 21. Nxb4 Bxb4 22. a3 Bc5 23. Rhf1 f6 24. g4 g5 25. Kb1 b5 26. b4 Be7 27. Nh2 Rec8 28. Kb2 a5 29. c3 Bc4 30. Bxc4 Rxc4 31. f3 axb4 32. axb4 Rc7 33. Ra1 Rac8 34. Ra3 Bxb4 35. cxb4 Rc2+ 36. Kb1 Rxh2 37. Ra2 Rxh3 38. Rd2 Rc3 39. Rdf2 Rb3+ 40. Kc2 Rxb4 41. Kc3 Rd4 42. Rb2 h5 43. Rxb5 hxg4 44. Rb7+ Kg6 45. Kc2 Rxf3 46. Rg1 Rxe4 47. Kd2 g3 48. Rb6 Ra4 49. Rbb1 Ra2+ 50. Kc1 g2 0-1

[Event "Verona op-B"]
[Site "Verona"]
[Date "2017.01.04"]
[Round "4.25"]
[White "Leone, Cataldo"]
[Black "Scarabello, Graziano"]
[Result "0-1"]
[WhiteElo "1620"]
[BlackElo "1638"]
[PlyCount "80"]
[EventDate "2017.01.02"]
[EventType "swiss"]
[EventRounds "7"]
[EventCountry "ITA"]
[SourceTitle "EXT 2018"]
[Source "ChessBase"]
[SourceDate "2017.10.13"]
[SourceVersion "1"]
[SourceVersionDate "2017.10.13"]
[SourceQuality "1"]

1. e4 d6 2. d4 Nf6 3. Nc3 g6 4. f4 Bg7 5. Nf3 Bg4 6. Be2 0-0 7. 0-0 Bxf3 8. Bxf3 e5 9. fxe5 dxe5 10. dxe5 Nfd7 11. Bf4 Re8 12. Qd5 c6 13. Qd6 Qb6+ 14. Kh1 Qxb2 15. Qd2 Qb6 16. Rab1 Qc7 17. Be2 Nxe5 18. Na4 Nbd7 19. Bg3 b5 20. Nb2 Rad8 21. Qf4 Nc5 22. h4 Qe7 23. h5 Ne6 24. Qf2 Ng5 25. hxg6 fxg6 26. Qe3 Ne6 27. Nd3 Nxd3 28. cxd3 Nd4 29. Bd1 Rd5 30. Qe1 Nc2 31. Bxc2 Rh5+ 32. Kg1 Bd4+ 33. Rf2 Rf8 34. Qe2 Qg5 35. Bb3+ Kh8 36. Be5+ Qxe5 37. Qxh5 Qxh5 38. Bd1 Bxf2+ 39. Kf1 Bg3+ 40. Bf3 Qh1+ 0-1

[Event "Caldaro Puntay op-B 1st"]
[Site "Caldaro"]
[Date "2016.10.22"]
[Round "2"]
[White "Gasparro, Antonio"]
[Black "Scarabello, Graziano"]
[Result "1/2-1/2"]
[WhiteElo "1726"]
[BlackElo "1630"]
[PlyCount "29"]
[EventDate "2016.10.21"]
[EventType "swiss"]
[EventRounds "5"]
[EventCountry "ITA"]
[SourceTitle "EXT 2018"]
[Source "ChessBase"]
[SourceDate "2017.10.13"]
[SourceVersion "1"]
[SourceVersionDate "2017.10.13"]
[SourceQuality "1"]

1. Nf3 Nc6 2. c4 e5 3. Nc3 g6 4. g3 Bg7 5. Bg2 Nge7 6. 0-0 0-0 7. d3 f5 8. Rb1 a5 9. a3 f4 10. Bd2 h5 11. Ne4 Nf5 12. Qc1 d5 13. cxd5 Qxd5 14. Bc3 fxg3 15. hxg3 1/2-1/2